000 00460nam a2200181Ia 4500
001 3282
005 20260306144909.0
008 260306t2003||||xx |||||||||||||| ||spa||
041 _aESP
082 _a262.91
_bP11H
100 _aPablo VI, Papa
_eAUT
245 0 _aHumanae vitae:
_bsobre la regulación de la natalidad. Carta encíclica
260 _c2003
300 _a30 páginas :
_c21 cm.
650 _aGEN
654 _aCHU
942 _cLIB
_dJUS
_fJUS
_2ddc
_n
999 _c3282
_d3282